<?xml version="1.0" encoding="UTF-8"?><?xml-stylesheet type="text/xsl" href="static/style.xsl"?><OAI-PMH xmlns="http://www.openarchives.org/OAI/2.0/" xmlns:xsi="http://www.w3.org/2001/XMLSchema-instance" xsi:schemaLocation="http://www.openarchives.org/OAI/2.0/ http://www.openarchives.org/OAI/2.0/OAI-PMH.xsd"><responseDate>2026-04-30T00:39:17Z</responseDate><request verb="GetRecord" identifier="oai:uvadoc.uva.es:10324/30574" metadataPrefix="marc">https://uvadoc.uva.es/oai/request</request><GetRecord><record><header><identifier>oai:uvadoc.uva.es:10324/30574</identifier><datestamp>2022-10-14T12:29:23Z</datestamp><setSpec>com_10324_1186</setSpec><setSpec>com_10324_931</setSpec><setSpec>com_10324_894</setSpec><setSpec>col_10324_1404</setSpec></header><metadata><record xmlns="http://www.loc.gov/MARC21/slim" xmlns:doc="http://www.lyncode.com/xoai" xmlns:xsi="http://www.w3.org/2001/XMLSchema-instance" xmlns:dcterms="http://purl.org/dc/terms/" xsi:schemaLocation="http://www.loc.gov/MARC21/slim http://www.loc.gov/standards/marcxml/schema/MARC21slim.xsd">
<leader>00925njm 22002777a 4500</leader>
<datafield tag="042" ind1=" " ind2=" ">
<subfield code="a">dc</subfield>
</datafield>
<datafield tag="720" ind1=" " ind2=" ">
<subfield code="a">Bolado Rodríguez, Silvia</subfield>
<subfield code="e">author</subfield>
</datafield>
<datafield tag="720" ind1=" " ind2=" ">
<subfield code="a">Lamo Santamaría, Beatriz de</subfield>
<subfield code="e">author</subfield>
</datafield>
<datafield tag="720" ind1=" " ind2=" ">
<subfield code="a">García Hernández, Celia</subfield>
<subfield code="e">author</subfield>
</datafield>
<datafield tag="720" ind1=" " ind2=" ">
<subfield code="a">García Cabezón, Ana Cristina</subfield>
<subfield code="e">author</subfield>
</datafield>
<datafield tag="720" ind1=" " ind2=" ">
<subfield code="a">Rodríguez Méndez, María Luz</subfield>
<subfield code="e">author</subfield>
</datafield>
<datafield tag="260" ind1=" " ind2=" ">
<subfield code="c">2018</subfield>
</datafield>
<datafield tag="520" ind1=" " ind2=" ">
<subfield code="a">Gold nanoparticles (AuNPs) have been obtained using musts (freshly prepared grape juices where solid peels and seeds have been removed) as the reducing and capping agent. Transmission Electron Microscope images show that the formed AuNPs are spherical and their size increases with the amount of must used. The size of the AuNPs increases with the Total Polyphenol Index (TPI) of the variety of grape. The kinetics of the reaction monitored using UV-Vis shows that the reaction rates are related to the chemical composition of the musts and specifically to the phenols that can act as reducing and capping agents during the synthesis process. Since the particular composition of each must produces AuNPs of different sizes and at different rates, color changes can be used to discriminate the variety of grape. This new technology can be used to avoid fraud.</subfield>
</datafield>
<datafield tag="024" ind2=" " ind1="8">
<subfield code="a">Beverages vol.107 p.544-550</subfield>
</datafield>
<datafield tag="024" ind2=" " ind1="8">
<subfield code="a">http://uvadoc.uva.es/handle/10324/30574</subfield>
</datafield>
<datafield tag="024" ind2=" " ind1="8">
<subfield code="a">10.3390/beverages4020026</subfield>
</datafield>
<datafield tag="024" ind2=" " ind1="8">
<subfield code="a">544</subfield>
</datafield>
<datafield tag="024" ind2=" " ind1="8">
<subfield code="a">550</subfield>
</datafield>
<datafield tag="024" ind2=" " ind1="8">
<subfield code="a">107</subfield>
</datafield>
<datafield tag="245" ind1="0" ind2="0">
<subfield code="a">Novel method for the identification of the variety of grape using their capability to form gold nanoparticles</subfield>
</datafield>
</record></metadata></record></GetRecord></OAI-PMH>